000 00385nam a2200145 a 4500
005 20140412111245.0
008 010810s19uu xx 00 eng d
050 _aER
_bMa11 1996
245 _aMary Anette.
260 _a[s.l.] :
_bTormont Publications Inc,
_c1996.
300 _a1 v. (unp.) ; ill.
650 _aToys-Stories
650 _aChristmas stories-Fiction
999 _c102919
_d102919